| 000 | 00433nam a2200145 a 4500 | ||
|---|---|---|---|
| 001 | 630 | ||
| 003 | CDMR | ||
| 005 | 20130926113814.0 | ||
| 008 | 130130s1944||||||||||||||||||||||||||||d | ||
| 040 |
_aCDMR _bcat _cCDMR |
||
| 245 | 0 | 0 |
_aCursillo de conferencias de extensión cultural _b: curso 1942-43 |
| 260 |
_aBarcelona _c1944 _bAsociación de la Prensa de Barcelona |
||
| 710 | 2 |
_939 _aAssociació de la Premsa de Barcelona |
|
| 942 |
_cMON _2udc |
||
| 999 |
_c630 _d630 |
||